000 004540000a22001810004500
003 MACL
005 20150823113308.0
008 150823b xxu||||| |||| 00| 0 eng d
040 _aMACL
_cMACL
041 _aEnglish
082 _a640/KUM
100 _aKumar, Rajesh N.
_96908
245 _aAll You Need To Know about Baby And child Care
260 _bUBS Publishers
_c1993
_aNoida
350 _a65
650 _aTechnology
_96909
942 _cBK
_k640
_2ddc
999 _c4625
_d4625